000 00458nab a2200145Ia 4500
003 ES-SlBCS
005 20210601145256.0
008 140529s1959 xxu||||| |||| 00| 0 spa d
041 _aspa
100 1 _aDallenbach, Karl M.
_9310042
245 0 0 _aFrenología frente a psicoanálisis
_c Karl M. Dallenbach
650 0 4 _aFrenología
_9106998
773 0 _tRevista de Psicologia General y Aplicada
_gvol. 14, nº. 50, 1959, págs. 269-286
_wRev1347
942 _cAR
999 _c722162
_d722162